| 000 | 00770nam a2200253 a 4500 | ||
|---|---|---|---|
| 003 | BD-DhJNU | ||
| 005 | 20250714091522.0 | ||
| 008 | 741213s1975 nyu b 001 0 eng | ||
| 020 | _a0393092526 | ||
| 020 | _a9780393092523 | ||
| 040 |
_aBD-DhJNU _bENG _cBD-DhJNU _dBD-DhJNU |
||
| 082 | 0 | 0 |
_a323.44 MIO _223 |
| 100 | 1 |
_aMill, John Stuart, _d1806-1873. |
|
| 245 | 1 | 0 |
_aOn liberty / _cJohn Stuart Mill ; annotated text, sources and background, criticism edited by David Spitz. |
| 250 | _a1st ed. | ||
| 260 |
_aNew York : _bNorton, _c[1975] |
||
| 300 |
_axi, 260 p. ; _c22 cm. |
||
| 490 | 0 | _aA Norton critical edition | |
| 500 | _aIncludes index. | ||
| 504 | _aBibliography: p. 253-254. | ||
| 650 | 0 | _aLiberty. | |
| 700 | 1 |
_aSpitz, David, _d1916- _eed. |
|
| 942 | _cBK | ||
| 999 |
_c1890 _d1890 |
||